Govt. of
Madhya Pradesh

मध्‍य प्रदेश के महान साहित्‍यकार (Record no. 56090)

MARC details
000 -LEADER
fixed length control field 00572nam a22001577a 4500
003 - CONTROL NUMBER IDENTIFIER
control field macl
005 - DATE AND TIME OF LATEST TRANSACTION
control field 20170209131559.0
008 - FIXED-LENGTH DATA ELEMENTS--GENERAL INFORMATION
fixed length control field 170209b xxu||||| |||| 00| 0 eng d
040 ## - CATALOGING SOURCE
Transcribing agency macl
082 ## - DEWEY DECIMAL CLASSIFICATION NUMBER
Edition number 20
Classification number 741.642/RAV
100 ## - MAIN ENTRY--PERSONAL NAME
Personal name रावत अंजलि
9 (RLIN) 66789
245 ## - TITLE STATEMENT
Title मध्‍य प्रदेश के महान साहित्‍यकार
260 ## - PUBLICATION, DISTRIBUTION, ETC. (IMPRINT)
Place of publication, distribution, etc. जुयपुर
Name of publisher, distributor, etc. श्रीनाथ पब्लिकेशन्‍स जयपुर
Date of publication, distribution, etc. २००७
650 ## - SUBJECT ADDED ENTRY--TOPICAL TERM
Topical term or geographic name as entry element बाल साहित्‍य
9 (RLIN) 55186
942 ## - ADDED ENTRY ELEMENTS (KOHA)
Source of classification or shelving scheme
Koha item type Hindi Books

No items available.